000 00691nam a22002057a 4500
005 20251108165810.0
008 250721s1997 xx 000 0 ara d
082 1 4 _aم/353.8809565/أرد
100 1 _aالرمحي، أيمن يوسف
_eآخر
245 1 0 _aالسجل الثقافي السنوي لوزارة الثقافة 1996 - نشاطات و إنجازات /
264 1 _aعمان :
_bوزارة الثقافة،
_c1997.
300 _aسنويا
650 1 7 _aالأردن
650 1 7 _aالدوائر الحكومية
650 1 7 _aالتقارير
650 1 7 _aالثقافة
710 2 _aالأردن . وزارة الثقافة
942 _2ddc
_cREF
999 _c31568
_d31568